| 000 | 00547nam a22001697a 4500 | ||
|---|---|---|---|
| 003 | NUST | ||
| 038 | _aAtta | ||
| 040 | _cCentral Library | ||
| 082 | _a005 ABD | ||
| 100 |
_aSyed Abdullah Shah,Jannet Faiz,Maham Farooq _991880 |
||
| 245 |
_aDesign and Development of an Embedded Open Flow Controller _cSyed Abdullah Shah, Jannet Faiz, Maham Farooq |
||
| 300 |
_a69,pages, _bHB, _c25,cm |
||
| 563 | _aHB | ||
| 700 |
_aSupervisor: Dr. Syed Ali Khayam _991881 |
||
| 856 | _uhttp://10.250.8.41:8080/xmlui/handle/123456789/10025 | ||
| 942 |
_2ddc _cTHE |
||
| 999 |
_c590012 _d590012 |
||